Statistics for Caucasia: The Capitals and The Countries

Click here to take the quiz!

General Stats

  • This quiz has been taken 28 times
  • The average score is 6 of 6

Answer Stats

Countries/Capitals% Correct
Yerevan
100%
Baku
96%
Tbilisi
96%
Armenia
93%
Azerbaijan
93%
Georgia
93%

Score Distribution

Percentile by Number Answered

Percent of People with Each Score

Your Score History

You have not taken this quiz